Skip to main content
Your cart is empty.
Your lists
Log in to create your own lists
Your cookies
العربية
English
العربية
Home
Search
Advanced search
Authority search
About
The noble scholar, jurist, historian
His Excellency Dr. Abdul Wahhab bin Ibrahim Abu Sulaiman, may Allah have mercy on him.
He was born in Umm Al-Qura in the year 1356 AH.
Library catalog
Title
Author
Subject
ISBN
ISSN
Series
Call number
Log in to your account
×
Login:
Password:
Home
MARC view: شاعر من نسيج مكي :
Normal view
MARC view
ISBD view
شاعر من نسيج مكي : (Record no. 13795)
[
view plain
]
MARC details
000 -LEADER
fixed length control field
01262cam a22002891i 4500
003 - CONTROL NUMBER IDENTIFIER
control field
SA-RiAUC
005 - DATE AND TIME OF LATEST TRANSACTION
control field
20251229103516.0
008 - FIXED-LENGTH DATA ELEMENTS--GENERAL INFORMATION
fixed length control field
251124s2009 ua g 0001p ara c
020 ## - INTERNATIONAL STANDARD BOOK NUMBER
International Standard Book Number
9771023993
040 ## - CATALOGING SOURCE
Original cataloging agency
SA-JeALM
Language of cataloging
ara
Transcribing agency
SA-RiAUC.
Description conventions
rda
082 04 - DEWEY DECIMAL CLASSIFICATION NUMBER
Classification number
811.9531
Assigning agency
SA-RiAUC
090 ## - LOCALLY ASSIGNED LC-TYPE CALL NUMBER (OCLC); LOCAL CALL NUMBER (RLIN)
Classification number (OCLC) (R) ; Classification number, CALL (RLIN) (NR)
811.9531
Local cutter number (OCLC) ; Book number/undivided call number, CALL (RLIN)
ا ش م
100 1# - MAIN ENTRY--PERSONAL NAME
Personal name
أشموني، منصور بن محمد علي
Relator term
مؤلف.
245 10 - TITLE STATEMENT
Title
شاعر من نسيج مكي :
Remainder of title
مجموعة شعرية /
Statement of responsibility, etc.
منصور بن محمد علي أشموني ؛ تقديم محمد علي بن منصور أشموني.
250 ## - EDITION STATEMENT
Edition statement
الطبعة الأولى.
264 #1 - PRODUCTION, PUBLICATION, DISTRIBUTION, MANUFACTURE, AND COPYRIGHT NOTICE
Place of production, publication, distribution, manufacture
القاهرة :
Name of producer, publisher, distributor, manufacturer
دار الفكر العربي،
Date of production, publication, distribution, manufacture, or copyright notice
2009
300 ## - PHYSICAL DESCRIPTION
Extent
114 صفحة ؛
Dimensions
19 سم.
336 ## - CONTENT TYPE
Content type term
نص
Content type code
txt
Source
rdacontent
Materials specified
كتاب
337 ## - MEDIA TYPE
Media type term
بدون وسيط
Media type code
n
Source
rdamedia
338 ## - CARRIER TYPE
Carrier type term
مجلد
Carrier type code
nc
Source
rdacarrier
490 1# - SERIES STATEMENT
Series statement
المكتبة المكية ؛
Volume/sequential designation
2
500 ## - GENERAL NOTE
General note
إهداء من المؤلف منصور بن محمد علي أشموني بتاريخ 1430/2/12 هـ
650 #7 - SUBJECT ADDED ENTRY--TOPICAL TERM
Topical term or geographic name entry element
الشعر العربي
Geographic subdivision
السعودية
Chronological subdivision
قرن 14 هجري.
Source of heading or term
aucsh
700 1# - ADDED ENTRY--PERSONAL NAME
Personal name
أشموني، محمد علي بن منصور
Relator term
مقدم.
942 ## - ADDED ENTRY ELEMENTS (KOHA)
Source of classification or shelving scheme
Dewey Decimal Classification
Koha item type
Books
Suppress in OPAC
No
949 ## - LOCAL PROCESSING INFORMATION (OCLC)
a
SA-JeALM
d
251124
u
mohamedma123
n
1
Holdings
Withdrawn status
Lost status
Source of classification or shelving scheme
Damaged status
Not for loan
Collection
Home library
Current library
Date acquired
Total checkouts
Full call number
Barcode
Date last seen
Price effective from
Koha item type
Dewey Decimal Classification
اهداء
DR AbdElwahab Library
DR AbdElwahab Library
12/29/2025
811.9531 ا ش م
000022118
12/29/2025
12/29/2025
Books
Place hold
Print
Add to your cart
(remove)
Save record
BIBTEX
Dublin Core
MARCXML
MARC (non-Unicode/MARC-8)
MARC (Unicode/UTF-8)
MARC (Unicode/UTF-8, Standard)
MODS (XML)
RIS
ISBD
More searches
Search for this title in:
Other Libraries (WorldCat)
Other Databases (Google Scholar)
Online Stores (Bookfinder.com)
Open Library (openlibrary.org)
Exporting to Dublin Core...
×
Simple DC-RDF
OAI-DC
SRW-DC